[Event "Buenos Aires Konex"]
[Site "Buenos Aires"]
[Date "1991.??.??"]
[Round "3"]
[White "Schwanek, Carlos"]
[Black "Cifuentes Parada, Roberto"]
[Result "0-1"]
[WhiteElo "2360"]
[BlackElo "2510"]
[PlyCount "104"]
[EventDate "1991.03.??"]
[EventType "swiss"]
[EventRounds "9"]
[EventCountry "ARG"]
[SourceTitle "EXT 2000"]
[Source "ChessBase"]
[SourceDate "1999.11.16"]
[SourceVersion "1"]
[SourceVersionDate "1999.11.16"]
[SourceQuality "1"]

1. d4 d6 2. c4 e5 3. Nf3 e4 4. Ng5 f5 5. f3 Be7 6. Nh3 Nf6 7. Nc3 0-0 8. Nf2 Kh8 9. Bg5 c6 10. Qb3 d5 11. 0-0-0 dxc4 12. Qxc4 Nd5 13. Bxe7 Qxe7 14. Nxd5 cxd5 15. Qb3 Be6 16. e3 Nc6 17. Kb1 a5 18. a4 Nb4 19. Bb5 Rac8 20. Rd2 Rc7 21. Nd1 exf3 22. gxf3 f4 23. Nc3 fxe3 24. Re2 Rxf3 25. Rhe1 Qg5 26. Ka1 Qf4 27. Qd1 h6 28. Na2 Nxa2 29. Kxa2 Bf5 30. Qb3 Qxd4 31. Rd1 Qf6 32. Rxe3 Rxe3 33. Qxe3 Be4 34. Bd3 Qf3 35. Qxf3 Bxf3 36. Re1 Be4 37. Re3 g5 38. h4 Re7 39. hxg5 hxg5 40. b4 b6 41. bxa5 bxa5 42. Kb3 Kg7 43. Kc3 Kf6 44. Kd4 Bxd3 45. Rxd3 Re4+ 46. Kxd5 Rxa4 47. Rf3+ Rf4 48. Ra3 a4 49. Rh3 Kf5 50. Rh8 a3 51. Rf8+ Kg4 52. Ra8 Rf3 0-1

[Event "Buenos Aires BCA op"]
[Site "Buenos Aires"]
[Date "1990.??.??"]
[Round "6"]
[White "Schwanek, Carlos"]
[Black "Szmetan, Jorge"]
[Result "0-1"]
[WhiteElo "2330"]
[BlackElo "2410"]
[PlyCount "126"]
[EventDate "1990.??.??"]
[EventType "swiss"]
[EventRounds "7"]
[EventCountry "ARG"]
[SourceTitle "EXT 2004"]
[Source "ChessBase"]
[SourceDate "2003.11.25"]
[SourceVersion "1"]
[SourceVersionDate "2003.11.25"]
[SourceQuality "1"]

1. d4 Nf6 2. c4 c5 3. d5 b5 4. Nf3 g6 5. cxb5 a6 6. Nc3 Bg7 7. e4 0-0 8. a4 d6 9. Be2 axb5 10. Bxb5 Ba6 11. Nd2 Nfd7 12. Ra3 Bxb5 13. Nxb5 Na6 14. 0-0 Nc7 15. Nxc7 Qxc7 16. Qc2 Rfb8 17. Nc4 Ne5 18. Ne3 Ra7 19. f4 Nd7 20. Kh1 Qb7 21. b3 Qa6 22. Re1 Rb4 23. Bd2 Rd4 24. Nc4 Nb6 25. Nxb6 Qxb6 26. h3 Qa6 27. Bc3 Qd3 28. Ra2 Qxc2 29. Rxc2 Rd3 30. e5 dxe5 31. Bxe5 Rxd5 32. Bxg7 Kxg7 33. Rec1 Rd3 34. Rc3 Rad7 35. a5 Rxc3 36. Rxc3 Rb7 37. g3 Rb5 38. a6 Ra5 39. Kg2 Kf6 40. a7 Rxa7 41. Rxc5 Rb7 42. Rc3 h5 43. Re3 e6 44. Kf3 Rb4 45. h4 Rd4 46. Ke2 Kf5 47. Rc3 Kg4 48. Rd3 Re4+ 49. Kd2 e5 50. fxe5 Rxe5 51. b4 f5 52. Kc3 Re6 53. b5 f4 54. gxf4 Kxh4 55. Kc4 Kg4 56. Rd4 Kf5 57. Kc5 h4 58. b6 Re8 59. b7 h3 60. Rd7 Kxf4 61. Re7 Rb8 62. Rf7+ Kg4 63. Rh7 g5 0-1

[Event "Mar del Plata Promocion II"]
[Site "Mar del Plata"]
[Date "1989.03.??"]
[Round "4"]
[White "Boissonet, Carlos P"]
[Black "Schwanek, Carlos"]
[Result "1-0"]
[WhiteElo "2290"]
[BlackElo "2405"]
[PlyCount "99"]
[EventDate "1989.03.31"]
[EventType "tourn"]
[EventRounds "9"]
[EventCountry "ARG"]
[SourceTitle "EXT 2024"]
[Source "ChessBase"]
[SourceDate "2023.10.10"]
[SourceVersion "1"]
[SourceVersionDate "2023.10.10"]
[SourceQuality "1"]

1. d4 Nf6 2. c4 g6 3. Nc3 Bg7 4. e4 d6 5. f4 c5 6. d5 0-0 7. Nf3 e6 8. Be2 exd5 9. cxd5 Re8 10. e5 dxe5 11. fxe5 Ng4 12. Bg5 Qb6 13. 0-0 Nxe5 14. d6 Nxf3+ 15. Bxf3 Bd4+ 16. Kh1 Qxd6 17. Bd5 Be6 18. Bxb7 Nd7 19. Bxa8 Rxa8 20. Nb5 Qb6 21. Nxd4 cxd4 22. Qd2 Qb5 23. Bh6 Qh5 24. Rac1 Rd8 25. Qg5 Qxg5 26. Bxg5 f6 27. Bxf6 Nxf6 28. Rxf6 Bxa2 29. Rcc6 Rb8 30. Rf2 Bb1 31. Rc7 d3 32. Rff7 Rxb2 33. Rg7+ Kf8 34. Rxh7 Kg8 35. Rcg7+ Kf8 36. Rxa7 Kg8 37. h3 Bc2 38. Rhd7 Rb8 39. Ra6 g5 40. Rg6+ Kf8 41. Rxg5 Ke8 42. Rgd5 Rb3 43. h4 Rc3 44. Kh2 Rc4 45. Rd4 Rc3 46. h5 Rc5 47. R7d5 Rc6 48. Rxd3 Bxd3 49. Rxd3 Kf7 50. Kh3 1-0

[Event "Mar del Plata Promocion II"]
[Site "Mar del Plata"]
[Date "1989.03.??"]
[Round "8"]
[White "Capo, Jose Miguel"]
[Black "Schwanek, Carlos"]
[Result "1/2-1/2"]
[WhiteElo "2315"]
[BlackElo "2405"]
[PlyCount "109"]
[EventDate "1989.03.31"]
[EventType "tourn"]
[EventRounds "9"]
[EventCountry "ARG"]
[SourceTitle "EXT 2024"]
[Source "ChessBase"]
[SourceDate "2023.10.10"]
[SourceVersion "1"]
[SourceVersionDate "2023.10.10"]
[SourceQuality "1"]

1. b3 g6 2. Bb2 Nf6 3. e4 d6 4. g3 Bg7 5. Bg2 c5 6. Ne2 Nc6 7. 0-0 0-0 8. c4 e5 9. d3 Ne8 10. Nbc3 Nc7 11. f4 f5 12. Nd5 Ne6 13. fxe5 dxe5 14. Qd2 Ned4 15. Nxd4 Nxd4 16. b4 cxb4 17. Bxd4 exd4 18. Qxb4 a5 19. Qc5 fxe4 20. Bxe4 Bh3 21. Rf4 Kh8 22. Rb1 Rb8 23. Rb2 Bh6 24. Qxd4+ Bg7 25. Qf2 Rxf4 26. gxf4 Bxb2 27. Qxb2+ Kg8 28. Nf6+ Kf7 29. Nxh7 Qh8 30. Ng5+ Ke7 31. Qxh8 Rxh8 32. Nxh3 Rxh3 33. Bxg6 b6 34. Be4 Rh4 35. f5 Kf6 36. Kg2 Kg5 37. Kg3 Rg4+ 38. Kf3 Rh4 39. Kg3 Rg4+ 40. Kf3 Rh4 41. f6 Kxf6 42. Kg3 Kg5 43. h3 Rh8 44. a4 Rh4 45. Bc6 Rh6 46. Bf3 Kf5 47. Be4+ Kg5 48. Bf3 Kf5 49. Bg4+ Ke5 50. h4 Rd6 51. Be2 Rg6+ 52. Bg4 Rd6 53. Be2 Rg6+ 54. Bg4 Rd6 55. Be2 1/2-1/2

[Event "Mar del Plata Promocion II"]
[Site "Mar del Plata"]
[Date "1989.03.??"]
[Round "7"]
[White "Schwanek, Carlos"]
[Black "Matsuura, Everaldo"]
[Result "1-0"]
[WhiteElo "2405"]
[BlackElo "2225"]
[PlyCount "79"]
[EventDate "1989.03.31"]
[EventType "tourn"]
[EventRounds "9"]
[EventCountry "ARG"]
[SourceTitle "EXT 2024"]
[Source "ChessBase"]
[SourceDate "2023.10.10"]
[SourceVersion "1"]
[SourceVersionDate "2023.10.10"]
[SourceQuality "1"]

1. d4 Nf6 2. c4 g6 3. Nc3 d5 4. cxd5 Nxd5 5. e4 Nxc3 6. bxc3 Bg7 7. Bc4 0-0 8. Ne2 Nc6 9. 0-0 Na5 10. Bd3 c5 11. Be3 Qc7 12. Rc1 b6 13. Qd2 Rd8 14. Bf4 Qd7 15. d5 c4 16. Bb1 e5 17. Bg5 f6 18. Be3 Nb7 19. f4 Nd6 20. Ng3 Qc7 21. Bc2 Bd7 22. h4 Bg4 23. h5 gxh5 24. f5 Qf7 25. Rce1 h4 26. Nh1 h3 27. gxh3 Bxh3 28. Rf3 Bg4 29. Rg3 h5 30. Nf2 Kf8 31. Nxg4 hxg4 32. Rxg4 Ke7 33. Qg2 Ne8 34. Kf2 Bf8 35. Rh1 Kd6 36. Ba4 Rac8 37. Rg6 Kc7 38. Rh8 Kb8 39. Rgg8 Nc7 40. Qg6 1-0

[Event "ARG-ch"]
[Site "Buenos Aires"]
[Date "1988.??.??"]
[Round "?"]
[White "Schwanek, Carlos"]
[Black "Bronstein, Luis Marcos"]
[Result "1/2-1/2"]
[WhiteElo "2315"]
[BlackElo "2405"]
[PlyCount "41"]
[EventDate "1988.??.??"]
[EventType "tourn"]
[EventRounds "17"]
[EventCountry "ARG"]
[SourceTitle "EXT 1999"]
[Source "ChessBase"]
[SourceDate "1998.11.16"]
[SourceVersion "1"]
[SourceVersionDate "1998.11.16"]
[SourceQuality "1"]

1. d4 Nf6 2. c4 e6 3. Nf3 c5 4. d5 exd5 5. cxd5 d6 6. Nc3 g6 7. Nd2 Bg7 8. e4 0-0 9. Be2 Re8 10. 0-0 Na6 11. f3 Nc7 12. a4 b6 13. Nc4 Ba6 14. Bg5 Qd7 15. Rb1 h6 16. Be3 Bxc4 17. Bxc4 a6 18. Qd3 Reb8 19. b4 b5 20. Ba2 c4 21. Qd2 1/2-1/2

[Event "ARG-ch"]
[Site "Salta"]
[Date "1987.??.??"]
[Round "12"]
[White "Glavina, Pablo"]
[Black "Schwanek, Carlos"]
[Result "0-1"]
[WhiteElo "2255"]
[BlackElo "2300"]
[PlyCount "78"]
[EventDate "1987.??.??"]
[EventType "tourn"]
[EventRounds "15"]
[EventCountry "ARG"]
[SourceTitle "EXT 1999"]
[Source "ChessBase"]
[SourceDate "1998.11.16"]
[SourceVersion "1"]
[SourceVersionDate "1998.11.16"]
[SourceQuality "1"]

1. e4 d6 2. d4 g6 3. Nc3 Nf6 4. Be3 Bg7 5. f3 c6 6. Qd2 b5 7. g4 b4 8. Nd1 Qb6 9. g5 Nfd7 10. f4 c5 11. d5 h6 12. Nf3 hxg5 13. Nxg5 Nf6 14. Nf2 Ng4 15. Nxg4 Bxg4 16. c3 bxc3 17. bxc3 Qa5 18. Rc1 Nd7 19. Rg1 Bh5 20. c4 Qc7 21. Bd3 Rb8 22. Kf2 Rb2 23. Rc2 Rxc2 24. Qxc2 0-0 25. Be2 Rb8 26. e5 Bxe2 27. e6 Bh5 28. exf7+ Kh8 29. Qa4 Nf8 30. Kg3 Qd7 31. Qxd7 Nxd7 32. Ne6 Nf8 33. Kh4 Bf6+ 34. Kh3 Be2 35. f5 Bd3 36. fxg6 Bf5+ 37. Kg3 Nxe6 38. dxe6 Kg7 39. Kf3 Rh8 0-1

[Event "ARG-ch"]
[Site "Salta"]
[Date "1987.??.??"]
[Round "8"]
[White "Schwanek, Carlos"]
[Black "Campora, Daniel Hugo"]
[Result "1/2-1/2"]
[WhiteElo "2275"]
[BlackElo "2550"]
[PlyCount "142"]
[EventDate "1987.??.??"]
[EventType "tourn"]
[EventRounds "15"]
[EventCountry "ARG"]
[SourceTitle "EXT 1999"]
[Source "ChessBase"]
[SourceDate "1998.11.16"]
[SourceVersion "1"]
[SourceVersionDate "1998.11.16"]
[SourceQuality "1"]

1. d4 d5 2. c4 c6 3. Nf3 Nf6 4. Nc3 dxc4 5. a4 Bf5 6. e3 e6 7. Bxc4 Bb4 8. 0-0 0-0 9. Qe2 Ne4 10. Nxe4 Bxe4 11. Rd1 Nd7 12. Bd2 Bd6 13. Bd3 Bxd3 14. Qxd3 Qe7 15. e4 h6 16. a5 Rfd8 17. Qb3 b6 18. axb6 axb6 19. Be3 Rac8 20. Rac1 c5 21. Qb5 Qe8 22. dxc5 Bxc5 23. b4 Bxe3 24. Rxc8 Rxc8 25. fxe3 Nf6 26. Qxb6 Nxe4 27. Ne5 f6 28. Qb7 f5 29. h3 Nf6 30. b5 Rb8 31. Qc6 Rxb5 32. Nd7 Nxd7 33. Qxb5 Nf6 34. Qe5 Kf7 35. Rb1 Qe7 36. Qb8 Nd7 37. Qc8 Qd6 38. Qc3 Nf6 39. Kh1 Kg6 40. Qb4 Qd3 41. Qb3 Qe4 42. Ra1 Nd5 43. Ra3 Qe5 44. Qd3 Kh7 45. Qe2 Qe4 46. Qf3 Qb4 47. Rd3 Qb1+ 48. Rd1 Qc2 49. Rd4 Qc1+ 50. Rd1 Qxe3 51. Qxe3 Nxe3 52. Rd6 e5 53. Kg1 Kg8 54. Kf2 f4 55. Re6 Nc4 56. Rc6 Nd2 57. Ke2 Nb3 58. Kd3 Kf7 59. Ke4 Nd2+ 60. Kxe5 f3 61. gxf3 Nxf3+ 62. Kf4 Nd4 63. Ra6 Ne6+ 64. Kf5 Nd4+ 65. Ke5 Nf3+ 66. Kf5 Nd4+ 67. Ke5 Nf3+ 68. Kf4 Nh4 69. Kg4 Ng6 70. h4 Ne7 71. h5 g6 1/2-1/2

[Event "Buenos Aires BCA"]
[Site "Buenos Aires"]
[Date "1987.??.??"]
[Round "6"]
[White "Schwanek, Carlos"]
[Black "Garcia, Raimundo"]
[Result "1-0"]
[WhiteElo "2300"]
[BlackElo "2410"]
[PlyCount "59"]
[EventDate "1987.??.??"]
[EventType "team-tourn"]
[EventRounds "9"]
[EventCountry "ARG"]
[SourceTitle "EXT 2000"]
[Source "ChessBase"]
[SourceDate "1999.11.16"]
[SourceVersion "1"]
[SourceVersionDate "1999.11.16"]
[SourceQuality "1"]

1. d4 e6 2. c4 c5 3. d5 exd5 4. cxd5 d6 5. Nc3 g6 6. Nf3 Bg7 7. e4 Nf6 8. Nd2 0-0 9. Be2 Re8 10. 0-0 g5 11. Re1 Nbd7 12. a4 Ne5 13. Nf1 h6 14. Qc2 a6 15. Ng3 Ng6 16. Nd1 Qe7 17. f3 g4 18. Bd2 gxf3 19. gxf3 Kh8 20. Kh1 Bd7 21. Ne3 Nh4 22. Rf1 b5 23. axb5 axb5 24. Rxa8 Rxa8 25. Qc1 Qf8 26. Qe1 Re8 27. Nh5 Nxh5 28. Qxh4 Nf6 29. Bc3 Qe7 30. Bxb5 1-0

[Event "ARG-ch"]
[Site "Salta"]
[Date "1987.??.??"]
[Round "7"]
[White "Schwanek, Carlos"]
[Black "Hoffman, Alejandro"]
[Result "1/2-1/2"]
[WhiteElo "2275"]
[BlackElo "2315"]
[PlyCount "56"]
[EventDate "1987.??.??"]
[EventType "tourn"]
[EventRounds "15"]
[EventCountry "ARG"]
[SourceTitle "EXT 1999"]
[Source "ChessBase"]
[SourceDate "1998.11.16"]
[SourceVersion "1"]
[SourceVersionDate "1998.11.16"]
[SourceQuality "1"]

1. d4 Nf6 2. c4 e6 3. Nf3 d5 4. Nc3 Be7 5. Bg5 0-0 6. e3 Nbd7 7. Qc2 a6 8. cxd5 exd5 9. Bd3 c6 10. 0-0 g6 11. Rab1 Ne8 12. Bxe7 Qxe7 13. b4 Nd6 14. a4 Nb6 15. b5 axb5 16. axb5 Nbc4 17. bxc6 bxc6 18. Ra1 Bf5 19. Bxf5 Nxf5 20. e4 dxe4 21. Nxe4 Rxa1 22. Rxa1 Ncd6 23. Nxd6 Qxd6 24. Qc4 Rd8 25. Ne5 Qd5 26. Qxd5 cxd5 27. Nf3 Rc8 28. g4 Nd6 1/2-1/2

[Event "ARG-ch"]
[Site "Salta"]
[Date "1987.??.??"]
[Round "4"]
[White "Schwanek, Carlos"]
[Black "Ricardi, Pablo"]
[Result "0-1"]
[WhiteElo "2300"]
[BlackElo "2445"]
[PlyCount "90"]
[EventDate "1987.??.??"]
[EventType "tourn"]
[EventRounds "15"]
[EventCountry "ARG"]
[SourceTitle "EXT 1999"]
[Source "ChessBase"]
[SourceDate "1998.11.16"]
[SourceVersion "1"]
[SourceVersionDate "1998.11.16"]
[SourceQuality "1"]

1. d4 Nf6 2. c4 g6 3. Nc3 d5 4. cxd5 Nxd5 5. e4 Nxc3 6. bxc3 Bg7 7. Rb1 0-0 8. Nf3 c5 9. Be2 Nc6 10. d5 Ne5 11. Nxe5 Bxe5 12. Qd2 b6 13. f4 Bb7 14. c4 Bd4 15. Bb2 e5 16. Bxd4 cxd4 17. 0-0 Qe7 18. fxe5 Qxe5 19. Bf3 Rfe8 20. Rbd1 Ba6 21. Qxd4 Rac8 22. d6 Qxd4+ 23. Rxd4 Rxc4 24. Rxc4 Bxc4 25. Rc1 b5 26. a4 a6 27. axb5 axb5 28. d7 Rd8 29. Be2 Rxd7 30. Bxc4 Rc7 31. Bxf7+ Rxf7 32. Rb1 Rb7 33. Kf2 Kf7 34. Ke3 b4 35. Kd4 Ke6 36. Rb3 Kd6 37. Kc4 Ke5 38. Kc5 Rc7+ 39. Kb5 Rd7 40. Ka4 Rb7 41. Ka5 Rb8 42. Ka6 Kd4 43. e5 Kc4 44. Rb1 b3 45. Ka7 Re8 0-1

[Event "ARG-ch 60th"]
[Site "Buenos Aires"]
[Date "1986.??.??"]
[Round "15"]
[White "Campora, Daniel Hugo"]
[Black "Schwanek, Carlos"]
[Result "1/2-1/2"]
[WhiteElo "2530"]
[BlackElo "2285"]
[PlyCount "93"]
[EventDate "1986.??.??"]
[EventType "tourn"]
[EventRounds "14"]
[EventCountry "ARG"]
[SourceTitle "EXT 2001"]
[Source "ChessBase"]
[SourceDate "2000.11.22"]
[SourceVersion "1"]
[SourceVersionDate "2000.11.22"]
[SourceQuality "1"]

1. e4 d6 2. d4 Nf6 3. Nc3 g6 4. Bg5 Bg7 5. e5 Nfd7 6. f4 0-0 7. h4 dxe5 8. h5 exd4 9. Ne4 Nf6 10. hxg6 Qd5 11. gxh7+ Kh8 12. Nf2 e5 13. Nf3 Nc6 14. fxe5 Ng4 15. Qd2 Ncxe5 16. Be2 Nc4 17. Bxc4 Qxc4 18. Nxg4 Bxg4 19. Bh6 Rae8+ 20. Kf2 Bxh6 21. Qxh6 Qxc2+ 22. Kg3 Qf5 23. Nh4 Qe6 24. Qf4 Be2 25. Qxd4+ Qe5+ 26. Qxe5+ Rxe5 27. Rac1 c5 28. Nf3 Bxf3 29. gxf3 Rd8 30. Kf4 f6 31. Rcd1 Rd4+ 32. Rxd4 cxd4 33. Rd1 Kxh7 34. Rxd4 Rb5 35. b4 a5 36. a3 Kg6 37. Ke4 Re5+ 38. Kd3 Kf5 39. f4 Re1 40. bxa5 Ra1 41. Ra4 Rf1 42. Ke3 Kg4 43. Kd3 f5 44. Rb4 Rf3+ 45. Kc4 Rxf4+ 46. Kc5 Rxb4 47. axb4 1/2-1/2

[Event "ARG-ch 60th"]
[Site "Buenos Aires"]
[Date "1986.??.??"]
[Round "7"]
[White "Ricardi, Pablo"]
[Black "Schwanek, Carlos"]
[Result "1-0"]
[WhiteElo "2520"]
[BlackElo "2285"]
[PlyCount "81"]
[EventDate "1986.??.??"]
[EventType "tourn"]
[EventRounds "14"]
[EventCountry "ARG"]
[SourceTitle "EXT 2001"]
[Source "ChessBase"]
[SourceDate "2000.11.22"]
[SourceVersion "1"]
[SourceVersionDate "2000.11.22"]
[SourceQuality "1"]

1. e4 d6 2. d4 g6 3. Nc3 Bg7 4. f4 Nf6 5. Nf3 0-0 6. Bd3 Na6 7. 0-0 c5 8. d5 Bg4 9. Be3 Nb4 10. Be2 Rb8 11. Kh1 e6 12. a3 Na6 13. dxe6 Bxe6 14. Ng5 Nc7 15. f5 gxf5 16. exf5 Bd5 17. Bf3 Bc4 18. Re1 Re8 19. Qd2 Qd7 20. Nge4 Nxe4 21. Nxe4 Bd5 22. Bh6 Bxe4 23. Bxg7 Bxf5 24. Bc3 Rxe1+ 25. Rxe1 Re8 26. Qg5+ Bg6 27. Rxe8+ Nxe8 28. h4 f6 29. Bd5+ Kf8 30. Bxf6 Nxf6 31. Qxf6+ Ke8 32. c4 b6 33. h5 Bb1 34. Qh8+ Ke7 35. Qg7+ Kd8 36. Qf8+ Kc7 37. Qa8 Qa4 38. b3 Qxb3 39. Qc6+ Kd8 40. Qxd6+ Ke8 41. Bc6+ 1-0

[Event "ARG-ch 60th"]
[Site "Buenos Aires"]
[Date "1986.??.??"]
[Round "12"]
[White "Schwanek, Carlos"]
[Black "Bazan, Osvaldo"]
[Result "1-0"]
[WhiteElo "2285"]
[BlackElo "2225"]
[PlyCount "57"]
[EventDate "1986.??.??"]
[EventType "tourn"]
[EventRounds "14"]
[EventCountry "ARG"]
[SourceTitle "EXT 2001"]
[Source "ChessBase"]
[SourceDate "2000.11.22"]
[SourceVersion "1"]
[SourceVersionDate "2000.11.22"]
[SourceQuality "1"]

1. d4 d5 2. c4 c6 3. Nc3 Nf6 4. Nf3 e6 5. Bg5 h6 6. Bh4 Be7 7. e3 Ne4 8. Bxe7 Qxe7 9. Qc2 f5 10. Ne5 Qf6 11. Be2 0-0 12. 0-0 Nd7 13. Nxe4 fxe4 14. f4 Nxe5 15. fxe5 Qg5 16. Rxf8+ Kxf8 17. Rf1+ Kg8 18. Qc3 Bd7 19. Qa3 Re8 20. Rf4 a6 21. Qd6 Bc8 22. c5 Qd8 23. Bh5 Qxd6 24. Bf7+ Kh8 25. exd6 Rd8 26. Bg6 Kg8 27. Rf7 Rd7 28. Re7 Rd8 29. Re8+ 1-0

[Event "ARG-ch 60th"]
[Site "Buenos Aires"]
[Date "1986.??.??"]
[Round "6"]
[White "Schwanek, Carlos"]
[Black "Bronstein, Luis Marcos"]
[Result "0-1"]
[WhiteElo "2285"]
[BlackElo "2400"]
[PlyCount "84"]
[EventDate "1986.??.??"]
[EventType "tourn"]
[EventRounds "14"]
[EventCountry "ARG"]
[SourceTitle "EXT 2001"]
[Source "ChessBase"]
[SourceDate "2000.11.22"]
[SourceVersion "1"]
[SourceVersionDate "2000.11.22"]
[SourceQuality "1"]

1. d4 Nf6 2. c4 e6 3. Nf3 d5 4. Nc3 Bb4 5. Bg5 Nbd7 6. Bxf6 Qxf6 7. Qb3 c5 8. cxd5 exd5 9. e3 0-0 10. Be2 Bxc3+ 11. Qxc3 c4 12. b3 b5 13. a4 b4 14. Qxb4 Rb8 15. Qa5 cxb3 16. 0-0 Qb6 17. Qxd5 Nf6 18. Qb5 b2 19. Rab1 Be6 20. Bd3 Qd6 21. Qa5 Ba2 22. Rbd1 Nd5 23. Nd2 Rfc8 24. Nb1 Bxb1 25. Bxb1 Nc3 26. Rde1 a6 27. f4 Nxb1 28. Rxb1 Rc2 29. Qg5 h6 30. Qf5 Qc6 31. d5 Qc3 32. Qe5 Qd2 33. Qe4 Rb4 34. Qf3 Rc1 35. d6 Rxb1 36. Rxb1 Qc1+ 37. Qf1 Qxe3+ 38. Kh1 Qd4 39. Qxa6 Rc4 40. h4 Rc1+ 41. Kh2 Qxf4+ 42. g3 Rc2+ 0-1

[Event "ARG-ch 60th"]
[Site "Buenos Aires"]
[Date "1986.??.??"]
[Round "3"]
[White "Schwanek, Carlos"]
[Black "Casafus, Ruben Andres"]
[Result "1/2-1/2"]
[WhiteElo "2285"]
[BlackElo "2360"]
[PlyCount "77"]
[EventDate "1986.??.??"]
[EventType "tourn"]
[EventRounds "14"]
[EventCountry "ARG"]
[SourceTitle "EXT 2001"]
[Source "ChessBase"]
[SourceDate "2000.11.22"]
[SourceVersion "1"]
[SourceVersionDate "2000.11.22"]
[SourceQuality "1"]

1. d4 d6 2. c4 e5 3. Nf3 Nd7 4. Nc3 g6 5. e4 Bg7 6. Be2 Ngf6 7. 0-0 0-0 8. Qc2 c6 9. Rd1 Qe7 10. Rb1 exd4 11. Nxd4 Nc5 12. f3 a5 13. b3 Re8 14. Bf1 Nfd7 15. a3 Nf8 16. b4 axb4 17. axb4 Nce6 18. Nce2 Be5 19. Nxe6 Nxe6 20. f4 Bg7 21. Bb2 Bxb2 22. Qxb2 Ng7 23. Qd2 Qxe4 24. Ng3 Qe7 25. Qxd6 Qe3+ 26. Kh1 Nf5 27. Nxf5 Bxf5 28. Ra1 Rxa1 29. Rxa1 Qc3 30. Rd1 Re1 31. b5 Bc2 32. Rxe1 Qxe1 33. Qd8+ Kg7 34. Qd4+ Kh6 35. Kg1 Qe4 36. Qxe4 Bxe4 37. Kf2 c5 38. Ke3 f5 39. g3 1/2-1/2

[Event "WchT U26 05th final B"]
[Site "Mendoza"]
[Date "1985.08.??"]
[Round "1"]
[White "Garcia, Alvaro"]
[Black "Schwanek, Carlos"]
[Result "0-1"]
[WhiteElo "2255"]
[BlackElo "2220"]
[PlyCount "112"]
[EventDate "1985.08.??"]
[EventType "team-tourn"]
[EventRounds "3"]
[EventCountry "ARG"]
[SourceTitle "EXT 2020"]
[Source "ChessBase"]
[SourceDate "2019.10.17"]
[SourceVersion "1"]
[SourceVersionDate "2019.10.17"]
[SourceQuality "1"]
[WhiteTeam "Paraguay"]
[BlackTeam "Argentina II"]
[WhiteTeamCountry "PAR"]
[BlackTeamCountry "ARG"]

1. e4 g6 2. d4 Bg7 3. Nc3 d6 4. f4 Nf6 5. Nf3 0-0 6. Bd3 Na6 7. e5 Nd7 8. Ne4 c5 9. c3 cxd4 10. cxd4 Nb4 11. 0-0 dxe5 12. dxe5 Qb6+ 13. Kh1 Rd8 14. Ne1 Nf8 15. Qf3 Nxd3 16. Nxd3 Qb5 17. Rd1 Bf5 18. Nc3 Qc4 19. Nf2 Bd7 20. b3 Qe6 21. Be3 Bc6 22. Qh3 f6 23. Qxe6+ Nxe6 24. exf6 exf6 25. Rxd8+ Rxd8 26. Rd1 Rxd1+ 27. Ncxd1 f5 28. Nd3 b6 29. N1b2 Be4 30. Kg1 Kf8 31. Kf2 Ke7 32. g3 Nd4 33. Ne5 Nc2 34. Bd2 Ke6 35. Nbd3 Bf8 36. h3 Kd5 37. Bc3 Bd6 38. Ke2 Nd4+ 39. Ke3 Nb5 40. Bb4 Bc7 41. Nf7 a5 42. Bd2 Na3 43. Bc3 b5 44. Ng5 Bb6+ 45. Ke2 Nb1 46. Bb2 Bd4 47. Bxd4 Kxd4 48. Ne5 Nc3+ 49. Kd2 Nxa2 50. Nxh7 a4 51. bxa4 bxa4 52. Nf6 a3 53. Nxe4 fxe4 54. g4 Nb4 55. Kc1 Nd3+ 56. Kb1 Nxe5 0-1

[Event "WchT U26 05th Group2"]
[Site "Mendoza"]
[Date "1985.08.??"]
[Round "7"]
[White "Schwanek, Carlos"]
[Black "Almada, Enrique"]
[Result "1-0"]
[WhiteElo "2220"]
[BlackElo "2235"]
[PlyCount "125"]
[EventDate "1985.08.11"]
[EventType "team-tourn"]
[EventRounds "9"]
[EventCountry "ARG"]
[SourceTitle "EXT 2020"]
[Source "ChessBase"]
[SourceDate "2019.10.17"]
[SourceVersion "1"]
[SourceVersionDate "2019.10.17"]
[SourceQuality "1"]
[WhiteTeam "Argentina II"]
[BlackTeam "Uruguay"]
[WhiteTeamCountry "ARG"]
[BlackTeamCountry "URU"]

1. d4 d5 2. c4 e6 3. Nf3 c5 4. cxd5 exd5 5. g3 Nf6 6. Bg2 Be7 7. 0-0 0-0 8. Nc3 Nc6 9. Bg5 cxd4 10. Nxd4 h6 11. Be3 Re8 12. Qb3 Na5 13. Qc2 Nc4 14. Nf5 Nxe3 15. Nxe3 Be6 16. Rad1 d4 17. Qa4 Qb6 18. Ned5 Bxd5 19. Nxd5 Nxd5 20. Bxd5 Bf6 21. Rd2 Re7 22. Rc2 g6 23. Rd1 Rc7 24. Rd3 Rd8 25. Bf3 Rc5 26. Rxc5 Qxc5 27. Bxb7 Qc1+ 28. Kg2 Qxb2 29. Bf3 Qb6 30. Rb3 Qc5 31. Rb5 Qe7 32. Rb7 Qc5 33. Rxa7 d3 34. exd3 Bd4 35. Ra5 Qb6 36. Rb5 Qe6 37. Qa5 Rc8 38. Rd5 Bb6 39. Qd2 Ra8 40. Qb2 Ra5 41. Rxa5 Bxa5 42. a4 Qd7 43. Qb8+ Kh7 44. Qb3 Kg7 45. Bd5 Qf5 46. Qb2+ Kh7 47. Be4 Qd7 48. Qf6 Bd8 49. Qf3 Kg7 50. Bc6 Qd4 51. Bd5 Bf6 52. Bc4 Qa7 53. Qd5 Bd4 54. f4 h5 55. a5 Be3 56. a6 h4 57. Kf3 Bg1 58. Kg4 hxg3 59. hxg3 Bf2 60. Qe5+ Kh7 61. Qf6 Bxg3 62. Bxf7 Qd7+ 63. Be6 1-0

[Event "ARG U26-ch"]
[Site "Pehuaj"]
[Date "1983.??.??"]
[Round "?"]
[White "Mahia, Gustavo"]
[Black "Schwanek, Carlos"]
[Result "1-0"]
[WhiteElo "2245"]
[BlackElo "2275"]
[PlyCount "81"]
[EventDate "1983.??.??"]
[EventType "swiss"]
[EventRounds "11"]
[EventCountry "ARG"]
[SourceTitle "EXT 1999"]
[Source "ChessBase"]
[SourceDate "1998.11.16"]
[SourceVersion "1"]
[SourceVersionDate "1998.11.16"]
[SourceQuality "1"]

1. e4 d6 2. d4 Nf6 3. Nc3 g6 4. f4 Bg7 5. Nf3 0-0 6. Bd3 Na6 7. 0-0 c5 8. d5 Rb8 9. Kh1 Nc7 10. a4 a6 11. a5 Nb5 12. Bxb5 axb5 13. e5 Ng4 14. Nxb5 Ra8 15. c4 dxe5 16. Nxe5 Nxe5 17. fxe5 Bxe5 18. Qe1 f6 19. Be3 Bf5 20. Qd2 Rc8 21. a6 bxa6 22. Rxa6 Bd7 23. Nc3 Qc7 24. Rfa1 Rb8 25. Ra7 Qc8 26. R1a5 Bc7 27. Ra2 Bb6 28. R7a6 Qb7 29. d6 exd6 30. Nd5 Bd8 31. Bf4 Qb3 32. Bxd6 Bc8 33. R6a3 Qxc4 34. Ra1 Rb3 35. Rxb3 Qxb3 36. Bxf8 Kxf8 37. Nc3 Bc7 38. Ra8 Qb7 39. Qd5 Kg7 40. Qxb7 Bxb7 41. Ra7 1-0